|
|
|
|
| LEADER |
00900pam a22002778a 4500 |
| 001 |
00039416 |
| 005 |
20171026081025.0 |
| 008 |
170519s2008 ||||||Viesd |
| 041 |
0 |
# |
|a Vie
|
| 082 |
1 |
4 |
|a 305.3
|b PH561PH
|
| 100 |
1 |
# |
|a Nguyễn, Thị Thuận
|
| 245 |
1 |
0 |
|a Phương pháp lồng ghép giới trong xóa đối giảm nghèo ở Việt Nam
|c Nguyễn Thị Thuận; Ngô Minh Phương
|
| 260 |
# |
# |
|a Hà Nội
|b Lao động
|c 2008
|
| 300 |
# |
# |
|a 228tr.
|c 24 cm
|
| 653 |
# |
# |
|a Phương pháp
|
| 653 |
# |
# |
|a lồng ghép
|
| 653 |
# |
# |
|a Việt Nam
|
| 700 |
1 |
# |
|a Ngô, Minh Phương
|
| 852 |
# |
# |
|b Kho mượn
|j KM.0022708
|
| 852 |
# |
# |
|b Kho đọc
|j KD.0021960
|
| 852 |
# |
# |
|j KD.0021960
|j KM.0022708
|
| 910 |
|
|
|d 19/05/2017
|
| 980 |
# |
# |
|a Trung tâm Học liệu Lê Vũ Hùng, Trường Đại học Đồng Tháp
|